| 000 | 00402nam a2200157Ia 4500 | ||
|---|---|---|---|
| 008 | 230711s9999||||xx |||||||||||||| ||und|| | ||
| 041 | _aENG | ||
| 082 |
_a660 _bEW-I |
||
| 100 | _aEwing,Galen W. | ||
| 245 | 0 | _aInstrumental methods of chemical analysis | |
| 250 | _a1st . . . Ed. | ||
| 260 |
_c1990 _aNew Delhi _bTata McGraw Hill Education Limited |
||
| 300 | _a670 | ||
| 650 | _aChemistry | ||
| 942 | _cBK | ||
| 999 |
_c614 _d614 |
||